Jeopardy: the Big 4 truck brands edition 1 - Statistics

General Stats
  • This quiz has been taken 5 times
  • The average score is 3 of 10
Answer Stats
Question Answer % Correct
This brand's name is an acronym. Who is MAN?
60%
This brand sells the most expensive cars AND trucks. Who is Mercedes-Benz?
60%
This brand famously had a hamster steer their truck. Who is Volvo?
60%
This brand arguably has the coolest truck front design. Who is Scania?
40%
This brand co-shares a brand name with a ship engine builder. Who is MAN?
20%
This brand has the highest consistency in mounting their exhaust reactor on the left-hand side of the truck. Who is Mercedes-Benz?
20%
This brand was the inventor of AdBlue technology, which is used on trucks globally. Who is Mercedes-Benz?
20%
This brand sells trucks of the highest horsepower at the WHEEL. Who is Scania?
20%
This brand has an established product line for the North American market. Who is Volvo?
20%
This brand is owned by a parent company of its namesake. Who is Volvo?
20%
No matching quizzes found
Score Distribution
Percent of People with Each Score
Percentile by Number Answered
Your Score History
You have not taken this quiz